Statistiques concernant Pokémon Prismillon Motifs

Cliquez ici pour prendre le quiz!

Statistiques générales

  • Ce quiz a été pris 10 fois
  • Le résultat moyen est 11 sur 20

Statistiques - réponses

Answer % Correct
Prismillon Motif Sable
100%
Prismillon Motif Poké Ball
100%
Prismillon Motif Floraison
80%
Prismillon Motif Mangrove
60%
Prismillon Motif Blizzard
60%
Prismillon Motif Cyclone
60%
Prismillon Motif Soleil Levant
60%
Prismillon Motif Jungle
60%
Prismillon Motif Verdure
40%
Prismillon Motif Sécheresse
40%
Prismillon Motif Rivage
40%
Prismillon motif Archipel
40%
Prismillon Motif Monarchie
40%
Prismillon Motif Métropole
40%
Prismillon Motif Banquise
40%
Prismillon Motif Glace
40%
Prismillon Motif Fantaisie
40%
Prismillon Motif Delta
40%
Prismillon Motif Continent
40%
Prismillon Motif Zénith
40%

Distribution des résultats

Percentile par nombre de réponses

% des personnes avec chaque résultat

Votre développement - résultats

Vous n’avez pas pris ce quiz